Commercial development activity (Record no. 110762)

MARC details
000 -LEADER
fixed length control field 01264cad a22002295a 4500
001 - CONTROL NUMBER
control field L150162
008 - FIXED-LENGTH DATA ELEMENTS--GENERAL INFORMATION
fixed length control field 100609s2010 xxkd f s 000 0 eng d
035 ## - SYSTEM CONTROL NUMBER
System control number (Sirsi) u150162
041 0# - LANGUAGE CODE
Language code of text/sound track or separate title eng
050 04 - LIBRARY OF CONGRESS CALL NUMBER
Classification number 333.337 $2 18
110 2# - MAIN ENTRY--CORPORATE NAME
Corporate name or jurisdiction name as entry element Savills Project Consultancy
9 (RLIN) 5857
245 00 - TITLE STATEMENT
Title Commercial development activity
Remainder of title April 2009
Medium [electronic resource]
260 ## - PUBLICATION, DISTRIBUTION, ETC.
Place of publication, distribution, etc. London
Name of publisher, distributor, etc. Savills
Date of publication, distribution, etc. 2009
490 #0 - SERIES STATEMENT
Series statement Savills UK Commercial Development Activity
Volume/sequential designation April 2009
520 ## - SUMMARY, ETC.
Summary, etc. Recession in commercial activity continued to ease in March. In March the Total Commercial Development Index rose to -15.5 from -20.4 in the previous month. Despite pointing to a steep reduction in activity, March's reading was the highest in just over one year. Commercial development in the private sector declined at a slightly slower rate than public sector activity. Rates of contraction were slower than in February.
590 ## - LOCAL NOTE (RLIN)
Local note KA
650 24 - SUBJECT ADDED ENTRY--TOPICAL TERM
Topical term or geographic name entry element SAVILLS UK COMMERCIAL DEVELOPMENT ACTIVITY PMI
651 #4 - SUBJECT ADDED ENTRY--GEOGRAPHIC NAME
Geographic name United Kingdom
Chronological subdivision
690 ## - LOCAL SUBJECT ADDED ENTRY--TOPICAL TERM (OCLC, RLIN)
Topical term or geographic name as entry element PROPERTY-COMMERCIAL PROPERTY-COMMERCIAL PROPERTY MARKET
856 40 - ELECTRONIC LOCATION AND ACCESS
Uniform Resource Identifier <a href="https://www.savills.com/research-archive/uk-commercial-development-activity-report-april-2009.pdf">https://www.savills.com/research-archive/uk-commercial-development-activity-report-april-2009.pdf</a>
Public note View this report free of charge at www.savills.com
942 ## - ADDED ENTRY ELEMENTS (KOHA)
Suppress in OPAC 0
Holdings
Withdrawn status Lost status Source of classification or shelving scheme Damaged status Not for loan Home library Current library Shelving location Date acquired Total Checkouts Full call number Barcode Date last seen Copy number Price effective from Koha item type
    Dewey Decimal Classification     Virtual Virtual Online 09/06/2010   ONLINE PUBLICATION 150162-2001 06/08/2019 1 06/08/2019 Book